Statistiques concernant Chansons de Dumbo

Cliquez ici pour prendre le quiz!

Statistiques générales

  • Ce quiz a été pris 7 fois
  • Le résultat moyen est 3 sur 8

Statistiques - réponses

Personnage(s)IndicesChansons% Correct
ChanteurDépart pour le cirqueLe Train du bonheur
80%
ChœurImagination de Dumbo à partir d'une grande bulleLa Marche des éléphants
60%
Mme Jumboà travers les barreaux de son wagonMon tout petit
60%
Narrateur et chœurArrivée des bébés animauxVoici le messager
40%
Les CorbeauxUne utilité aux oreilles ?!Voir voler un éléphant
40%
ChœurConstruction du cirqueChanson des manœuvres / On doit dresser le chapiteau
20%
Les clowns (Chœur)Une idée de numéro pour DumboLa Chanson des clowns
20%
La CigogneL'arrivée de DumboLa Livraison à Mme Jumbo
0%

Distribution des résultats

Percentile par nombre de réponses

% des personnes avec chaque résultat

Votre développement - résultats

Vous n’avez pas pris ce quiz